000 00701nam a2200265Ia 4500
005 20260121165853.0
008 008 260114s9999 xx 000 0 eng d
020 _a9789402408874
037 _aEBOOK
040 _aCRL
040 _beng
040 _cCRL
041 _2eng
041 _aeng
084 _qCRL
100 _aMaria Teresa Riviello, Anna Esposito
_91057054
245 0 _aOn the Perception of Dynamic Emotional Expressions: A Cross-cultural Comparison
260 _bSpringer
260 _bSpringer
260 _c2016
856 _uhttps://link.springer.com/openurl?genre=book&isbn=978-94-024-0887-4
942 _cEBOOK
999 _c1622782
_d1622782